000 00656nam a2200205 a 4500
001 BRCA_1542
005 20190320203451.0
008 010622s1999 mx-a---##b---f000-0#spa-#
020 _a9687279362
040 _aDLC
_cDLC
050 4 _aND259.R5
_b.A78 1999
245 1 0 _aDiego Rivera
_bArt & Revolution.
260 _aMéxico
_bCONACULTA : INBA : [Cleveland Museum of art]
_c1999
300 _a421 p.
_bil. (algunas a color)
_c31 cm.
500 _aIncluye índice de láminas
504 _aBibliografía: p. 399-401
600 1 4 _aRivera, Diego
_d1886-1957
_vExposiciones
_94891
650 1 4 _aArtistas mexicanos
_vCatálogos
_xPintores
_94970
942 _2lcc
_cB
999 _c1387
_d1387